00753nam a22001937a 4500003000900000005001700009008004100026020001800067040002500085082001400110245022400124260005200348300002600400504003000426700002100456700002900477700003000506700002300536DO-SdBNP20220504120359.0110301s2019 dr a 000 0 spa d a9789945920314 aDO-SdBNPbspacBNPHU 4axxxxbxxx00aRecursos didácticos prácticos y dinámicos :bpara favorecer el aprendizaje de personas jóvenes y adultas del Nivel Básico /cAurelina Payano, Carmen Mireya Dionicio, Johanna Díaz Jiménez, Mercedes Liriano  aSanto Domingo :bCentro Cultural Poveda,c2019. a125 p. :bil.c25 cm. aBibliografía p: 123-12512aPayano, Aurelina12aMireya Dionicio, Carmen12aDíaz Jiménez, Johanna12aLiriano, Mercedes